| 000 | 00481nam a2200181Ia 4500 | ||
|---|---|---|---|
| 005 | 20250701110043.0 | ||
| 008 | 008 250516s9999 xx 000 0 eng d | ||
| 020 | _a9781041034438 | ||
| 040 |
_beng _cSDCL |
||
| 041 |
_aeng _2eng |
||
| 084 | _aO32,3N30:g R5 | ||
| 100 |
_aRamakrishnan, E. V. Ed. _9621324 |
||
| 245 | 0 |
_aO. V. Vijayan : _bThe critical insider |
|
| 260 |
_aLondon: _bRoutledge, _c2025. |
||
| 300 | _axxii, 326p. | ||
| 650 | _aEnglish | ||
| 942 |
_cTEXL _2CC |
||
| 999 |
_c1429789 _d1429789 |
||